| 000 | 00832nam a2200241Ia 4500 | ||
|---|---|---|---|
| 003 | OSt | ||
| 005 | 20220923224238.0 | ||
| 006 | a|||||r|||| 00| 0 | ||
| 007 | ta | ||
| 008 | 220922b |||||||| |||| 00| 0 hin d | ||
| 024 | _a229,894 | ||
| 037 | _cTextual | ||
| 040 |
_aARTS _cARTS _bhin |
||
| 041 |
_2hin _ahin |
||
| 082 | _aO152,6xN, P2 | ||
| 100 | _aश्रोत्रिय, प्रभाकर, संपा. | ||
| 245 | 0 | _aइक्कीसवीं शती का भविष्य | |
| 246 | _aIkkīsavīan shatī kā bhaviṣhya | ||
| 260 |
_aनयी दिल्ली _b किताबघर प्रकाशन _c2002 |
||
| 300 |
_a216पृ. _ccm. |
||
| 942 |
_hO152,6xN, P2 _cTEXL _2CC |
||
| 999 |
_c370158 _d370158 |
||